Top Drives - Brands - Statistics

General Stats
  • This quiz has been taken 31 times
    28 since last reset
  • The average score is 30 of 93
Answer Stats
Number of Cars in Game Brand/Manufacturer % Correct
140 Audi
82%
208 BMW
71%
10 Bugatti
71%
260 Ford
71%
92 Volkswagen
71%
119 Volvo
71%
20 AC
65%
100 Dodge
65%
95 Mercedes-Benz
65%
119 Alfa Romeo
59%
86 Chevrolet
59%
141 Citroën
59%
60 Honda
59%
165 Nissan
59%
171 Porsche
59%
32 Acura
53%
52 Aston Martin
53%
103 Hyundai
53%
161 Mazda
53%
135 Mitsubishi
53%
85 Renault
53%
63 Vauxhall/Opel
53%
14 Buick
47%
33 Cadillac
47%
88 Fiat
47%
61 Jaguar
47%
69 Lamborghini
47%
23 McLaren
47%
17 Koenigsegg
41%
86 Škoda
41%
109 Subaru
41%
52 Suzuki
41%
53 Bentley
35%
88 Chrysler
35%
14 GMC
35%
29 Land Rover
35%
71 Peugeot
35%
28 Pontiac
35%
38 Infiniti
29%
40 Lincoln
29%
72 Lotus
29%
23 Mercury
29%
24 Mini
29%
12 Plymouth
29%
5 Ram
29%
14 Saturn
29%
7 Zenvo
29%
80 Holden
24%
11 Hummer
24%
48 Lancia
24%
44 Maserati
24%
8 MG
24%
21 Pagani
24%
9 Rover
24%
7 Smart
24%
12 Spyker
24%
2 W Motors
24%
3 Zenos
24%
10 AMC
18%
6 Austin
18%
1 BAC
18%
1 DMC
18%
15 Donkervoort
18%
7 DS
18%
5 Eagle
18%
5 KTM
18%
30 Oldsmobile
18%
13 Radical
18%
6 Rezvani
18%
4 Rimac
18%
4 Saleen
18%
1 Scuderia Cameron Glickenhaus
18%
7 Apollo
12%
4 Arash
12%
9 Ariel
12%
4 Bizzarrini
12%
15 Caterham
12%
21 De Tomaso
12%
7 Geo
12%
21 Ginetta
12%
1 Giocattolo
12%
3 Hennessey
12%
23 Ruf
12%
1 Talbot
12%
2 Automobili Pininfarina
6%
4 Brabham
6%
16 Bristol
6%
15 Bufori
6%
2 Hudson
6%
1 McMurtry
6%
42 Morgan
6%
40 TVR
6%
8 Ultima
6%
No matching quizzes found
Score Distribution
Percent of People with Each Score
Percentile by Number Answered
Your Score History
You have not taken this quiz since the last reset